|
|
|
|
| LEADER |
02181nam a2200469 4500 |
| 001 |
ocn843208227 |
| 003 |
OCoLC |
| 005 |
20170124071352.1 |
| 006 |
m o d |
| 007 |
cr cnu|||unuuu |
| 008 |
130516s2010 iau o 000 0 eng d |
| 040 |
|
|
|a DG1
|b eng
|c DG1
|d CUS
|d NOC
|d OCLCO
|d OCLCF
|d OCLCO
|d YDXCP
|d OCLCQ
|d GrThAP
|
| 019 |
|
|
|a 902649409
|
| 020 |
|
|
|a 9781118704127
|q (electronic bk.)
|
| 020 |
|
|
|a 1118704126
|q (electronic bk.)
|
| 020 |
|
|
|z 9781118691939
|
| 029 |
1 |
|
|a AU@
|b 000051629324
|
| 029 |
1 |
|
|a GBVCP
|b 790207710
|
| 029 |
1 |
|
|a NZ1
|b 15340598
|
| 029 |
1 |
|
|a DEBBG
|b BV043395888
|
| 035 |
|
|
|a (OCoLC)843208227
|z (OCoLC)902649409
|
| 050 |
|
4 |
|a HD2745
|b .B85 2010
|
| 082 |
0 |
4 |
|a 658.4/22
|2 23
|
| 049 |
|
|
|a MAIN
|
| 245 |
0 |
0 |
|a Building your board :
|b how to attract financially-capable board members and engage them in fund development.
|
| 264 |
|
1 |
|a Sioux City, Iowa :
|b Stevenson, Inc.,
|c [2010]
|
| 264 |
|
4 |
|c ©2010
|
| 300 |
|
|
|a 1 online resource (51 pages)
|
| 336 |
|
|
|a text
|b txt
|2 rdacontent
|
| 337 |
|
|
|a computer
|b c
|2 rdamedia
|
| 338 |
|
|
|a online resource
|b cr
|2 rdacarrier
|
| 500 |
|
|
|a "Edited by Scott C. Stevenson."--Running title area.
|
| 505 |
0 |
|
|a Start with Your Nominations Committee -- Board Recruitment Procedures -- Interviewing Prospective Board Members -- Orientation and Ongoing Education -- Engaging Your Board in Fund Development -- Development Committee and Board Meetings -- When it Comes to Board Giving -- Continue to Nurture, Inform Your Board -- Ideas Worth Considering -- Recognize and Showcase Board Members -- Keep 'Retired' Board Members Engaged.
|
| 588 |
0 |
|
|a Online resource; title from PDF title page (Wiley; viewed on May 16, 2013).
|
| 650 |
|
0 |
|a Nonprofit organizations
|x Management.
|
| 650 |
|
0 |
|a Boards of directors.
|
| 650 |
|
7 |
|a Boards of directors.
|2 fast
|0 (OCoLC)fst00835113
|
| 650 |
|
7 |
|a Nonprofit organizations
|x Management.
|2 fast
|0 (OCoLC)fst01038913
|
| 655 |
|
4 |
|a Electronic books.
|
| 776 |
0 |
8 |
|i Print version:
|t Building your board.
|d Sioux City, Iowa : Stevenson, Inc., ©2010
|z 9781118691939
|w (OCoLC)828488465
|
| 856 |
4 |
0 |
|u https://doi.org/10.1002/9781118704127
|z Full Text via HEAL-Link
|
| 994 |
|
|
|a 92
|b DG1
|